[Event "European Youth Chess Championship G18"]
[Site "Prague, Top Hotel Prague"]
[Date "2012.08.21"]
[Round "5.9"]
[White "Neuhauser, Salome"]
[Black "Foisor, Mihaela-Veronica"]
[Result "1-0"]
[WhiteElo "2026"]
[BlackElo "2220"]
[PlyCount "0"]
[EventDate "2012.08.17"]

1. e4 {[%clk 1:30:57]} Nf6 {[%clk 1:30:55]} 2. e5 {[%clk 1:31:16]} Nd5
{[%clk 1:31:20]} 3. d4 {[%clk 1:31:41]} d6 {[%clk 1:31:46]} 4. c4
{[%clk 1:32:05]} Nb6 {[%clk 1:32:10]} 5. exd6 {[%clk 1:32:31]} cxd6
{[%clk 1:32:32]} 6. Nc3 {[%clk 1:32:46]} g6 {[%clk 1:32:25]} 7. a4
{[%clk 1:33:11]} Bg7 {[%clk 1:25:02]} 8. a5 {[%clk 1:33:36]} N6d7
{[%clk 1:25:24]} 9. Nf3 {[%clk 1:33:54]} O-O {[%clk 1:21:45]} 10. Ra3
{[%clk 1:33:55]} Re8 {[%clk 1:10:06]} 11. Be2 {[%clk 1:16:59]} Nf6
{[%clk 0:57:02]} 12. O-O {[%clk 1:15:58]} Na6 {[%clk 0:42:44]} 13. Bf4
{[%clk 1:05:31]} Bf5 {[%clk 0:41:13]} 14. d5 {[%clk 0:57:57]} Ne4
{[%clk 0:33:28]} 15. Nxe4 {[%clk 0:46:39]} Bxe4 {[%clk 0:33:53]} 16. Qd2
{[%clk 0:45:43]} Nc7 {[%clk 0:20:05]} 17. Bh6 {[%clk 0:42:31]} e5
{[%clk 0:17:52]} 18. dxe6 {[%clk 0:37:13]} Nxe6 {[%clk 0:17:28]} 19. Bxg7
{[%clk 0:36:48]} Kxg7 {[%clk 0:17:19]} 20. Rd1 {[%clk 0:36:00]} Qf6
{[%clk 0:15:35]} 21. Re3 {[%clk 0:24:26]} Bc6 {[%clk 0:10:14]} 22. Nd4
{[%clk 0:18:17]} Nxd4 {[%clk 0:06:52]} 23. Qxd4 {[%clk 0:18:40]} Rxe3
{[%clk 0:07:09]} 24. fxe3 {[%clk 0:18:15]} Qe5 {[%clk 0:05:42]} 25. b4
{[%clk 0:18:17]} Re8 {[%clk 0:04:04]} 26. b5 {[%clk 0:17:17]} Be4
{[%clk 0:03:13]} 27. Kf2 {[%clk 0:15:14]} Qxd4 {[%clk 0:02:23]} 28. exd4
{[%clk 0:13:40]} Bxg2 {[%clk 0:01:32]} 29. c5 {[%clk 0:11:45]} Bd5
{[%clk 0:01:34]} 30. Bf3 {[%clk 0:10:37]} Bxf3 31. Kxf3 {[%clk 0:11:06]} d5
{[%clk 0:00:50]} 32. Rc1 {[%clk 0:10:37]} f5 {[%clk 0:00:44]} 33. b6
{[%clk 0:09:16]} axb6 {[%clk 0:00:50]} 34. axb6 {[%clk 0:06:44]} Ra8
{[%clk 0:00:57]} 35. Re1 {[%clk 0:05:08]} Kf6 {[%clk 0:01:04]} 36. Re5
{[%clk 0:04:43]} Rd8 {[%clk 0:01:19]} 37. h4 {[%clk 0:04:47]} h6 {[%clk 0:01:32]}
38. h5 {[%clk 0:04:47]} g5 {[%clk 0:01:35]} 39. Kg3 {[%clk 0:05:06]} Rd7
{[%clk 0:01:10]} 40. Re8 {[%clk 0:35:09]} g4 {[%clk 0:30:41]} 41. Rg8
{[%clk 0:24:44]} Re7 {[%clk 0:29:55]} 42. Rg6+ {[%clk 0:25:09]} Kf7
{[%clk 0:30:19]} 43. Kf4 {[%clk 0:25:27]} Re4+ {[%clk 0:30:00]} 44. Kxf5
{[%clk 0:25:36]} Rxd4 {[%clk 0:30:21]} 45. Rxg4 {[%clk 0:25:45]} Rd1
{[%clk 0:28:52]} 46. Ke5 {[%clk 0:22:57]} Rh1 {[%clk 0:25:49]} 47. Kxd5
{[%clk 0:18:57]} Rxh5+ {[%clk 0:25:35]} 48. Kd6 {[%clk 0:19:19]} Rf5
{[%clk 0:25:40]} 49. Rc4 {[%clk 0:18:53]} Kg6 {[%clk 0:24:51]} 50. c6
{[%clk 0:16:51]} bxc6 {[%clk 0:24:56]} 51. Rc5 {[%clk 0:15:36]} Rf8
{[%clk 0:19:24]} 52. b7 {[%clk 0:15:30]} h5 {[%clk 0:18:34]} 53. Kc7
{[%clk 0:15:45]} h4 {[%clk 0:18:57]} 54. b8=Q {[%clk 0:16:07]} Rxb8
{[%clk 0:19:20]} 55. Kxb8 {[%clk 0:16:36]} h3 {[%clk 0:19:44]} 56. Rc3
{[%clk 0:17:03]} Kf5 {[%clk 0:19:13]} 57. Rxh3 {[%clk 0:17:27]} Ke4
{[%clk 0:19:39]} 58. Rc3 {[%clk 0:17:53]} Kd5 {[%clk 0:19:56]} 59. Kb7
{[%clk 0:18:19]} 1-0

[Event "European Youth Chess Championship G18"]
[Site "Prague, Top Hotel Prague"]
[Date "2012.08.21"]
[Round "5.11"]
[White "Schulz, Anja"]
[Black "Turkova, Karolina"]
[Result "1/2-1/2"]
[WhiteElo "2108"]
[BlackElo "2004"]
[PlyCount "103"]
[EventDate "2012.08.17"]

1. e4 e5 2. Nf3 Nc6 3. Bb5 a6 4. Ba4 Nf6 5. d3 b5 6. Bb3 Be7 7. O-O d6 8. a4
Bd7 9. Bd2 O-O 10. h3 h6 11. Nc3 Na5 12. Ba2 c5 13. Nd5 Nxd5 14. Bxd5 Nc6 15.
c3 Rb8 16. axb5 axb5 17. b4 Qc7 18. Qb3 Bf6 19. Be3 Ne7 20. bxc5 dxc5 21. Nd2
Nxd5 22. exd5 Bf5 23. Ne4 Be7 24. f3 Rfd8 25. Qa2 c4 26. dxc4 bxc4 27. Rfd1 Rb5
28. Qa7 Rb7 29. Qa6 Bxe4 30. fxe4 Bc5 31. Bxc5 Qxc5+ 32. Kh1 Rb3 33. Ra5 Qe3
34. Qxc4 Rxc3 35. Qb4 Rc1 36. Ra1 Rxa1 37. Rxa1 Rc8 38. Qe1 Qxe1+ 39. Rxe1 Rc4
40. Kg1 Rd4 41. Kf2 Kf8 42. Kf3 g6 43. g4 Rd3+ 44. Re3 Rd4 45. h4 Kg7 46. Ra3
Kf6 47. Ke3 Ke7 48. Ra7+ Kf6 49. Ra6+ Kg7 50. Ra2 Kf8 51. Rd2 Ra4 52. Rd3
1/2-1/2

[Event "European Youth Chess Championship G18"]
[Site "Prague, Top Hotel Prague"]
[Date "2012.08.21"]
[Round "5.12"]
[White "Froewis, Annika"]
[Black "Galunova, Tsveta"]
[Result "1-0"]
[WhiteElo "2000"]
[BlackElo "2091"]
[PlyCount "125"]
[EventDate "2012.08.17"]

1. e4 e5 2. Nf3 Nc6 3. Bb5 Nf6 4. O-O Bc5 5. Nxe5 Nxe4 6. Qe2 Nxe5 7. d4 Qe7 8.
Qxe4 Nc6 9. Qxe7+ Bxe7 10. c3 O-O 11. Re1 Bf6 12. Nd2 d5 13. Bxc6 bxc6 14. Nb3
Be6 15. Bf4 Rac8 16. Nc5 Rfe8 17. Re3 Re7 18. Rae1 Rb8 19. b3 Rbe8 20. Na6 Rc8
21. Nb4 Rd7 22. Nxc6 a6 23. b4 Kf8 24. Rb1 Be7 25. Ree1 Bd6 26. Bd2 Bf5 27. Rb3
Bd3 28. Ra3 Re8 29. Rxe8+ Kxe8 30. Be3 f5 31. g3 Rf7 32. f4 Rf6 33. Ne5 Bxe5
34. dxe5 Rf7 35. Rb3 Kd7 36. Rb2 Rf8 37. a4 Rb8 38. Rd2 Bc4 39. a5 Ke6 40. Kf2
g6 41. Rd1 Re8 42. Rg1 Bd3 43. Bc5 Kf7 44. Ke3 Bc4 45. Bd4 Re6 46. g4 h6 47. h4
Bb3 48. Kd2 Ba4 49. Kd3 Bb5+ 50. Ke3 Ba4 51. Bc5 Bc2 52. Kd4 Bb3 53. gxf5 gxf5
54. h5 Bc4 55. Ke3 Bb3 56. Kd2 Ba4 57. Bf2 Kf8 58. Bh4 Be8 59. Bf6 Rc6 60. Rg7
Rc4 61. e6 Bxh5 62. Rh7 Re4 63. Rh8# 1-0

[Event "European Youth Chess Championship G18"]
[Site "Prague, Top Hotel Prague"]
[Date "2012.08.21"]
[Round "5.13"]
[White "Shvayger, Yuliya"]
[Black "Grigoryan, Julieta"]
[Result "1-0"]
[WhiteElo "2202"]
[BlackElo "1838"]
[PlyCount "71"]
[EventDate "2012.08.17"]

1. e4 c6 2. d4 d5 3. e5 Bf5 4. Nf3 e6 5. Be2 Nd7 6. O-O Ne7 7. Nh4 Bg6 8. b3
Nf5 9. Nxg6 hxg6 10. h3 Qb6 11. c3 c5 12. Bb2 Rc8 13. g4 Ne7 14. Kg2 Nc6 15. f4
cxd4 16. cxd4 Be7 17. a3 Ndb8 18. Qd3 Na6 19. Nd2 Nc7 20. b4 a6 21. Rac1 Nb5
22. Nb3 Qd8 23. f5 gxf5 24. gxf5 Bf8 25. fxe6 Qg5+ 26. Bg4 fxe6 27. Rc2 Be7 28.
Bc1 Qh4 29. Qg6+ Kd7 30. Qxe6+ Kc7 31. Na5 Kb6 32. Qxd5 Rc7 33. Qe4 Bg5 34. d5
Nbd4 35. Rxc6+ Nxc6 36. Be3+ 1-0

[Event "European Youth Chess Championship G18"]
[Site "Prague, Top Hotel Prague"]
[Date "2012.08.21"]
[Round "5.14"]
[White "Koselova, Zuzana"]
[Black "Kabai, Zsuzsanna"]
[Result "0-1"]
[WhiteElo "1912"]
[BlackElo "2097"]
[PlyCount "84"]
[EventDate "2012.08.17"]

1. e4 e6 2. Nf3 d5 3. Nc3 Nf6 4. e5 Ne4 5. Ne2 b6 6. d3 Nc5 7. d4 Ncd7 8. g3
Be7 9. Bh3 c5 10. c3 Nc6 11. O-O h5 12. Be3 Ba6 13. Ne1 g5 14. f4 g4 15. Bg2 f5
16. Kf2 h4 17. Rh1 hxg3+ 18. hxg3 Rxh1 19. Bxh1 Kf7 20. Nc2 Qh8 21. Bg2 cxd4
22. Nexd4 Nxd4 23. Nxd4 Nc5 24. b4 Nd3+ 25. Kg1 Bc4 26. Bf1 Nb2 27. Qc1 Bxf1
28. Qxf1 Nc4 29. Bf2 Nd2 30. Qg2 Rc8 31. Ne2 Qe8 32. Qh1 Nf3+ 33. Kg2 Kg6 34.
Qd1 Qc6 35. Be1 d4 36. Kf2 Rh8 37. Qd3 Rh2+ 38. Kf1 Nd2+ 39. Bxd2 Qg2+ 40. Ke1
Rh1+ 41. Ng1 Rxg1+ 42. Qf1 Rxf1# 0-1

[Event "European Youth Chess Championship G18"]
[Site "Prague, Top Hotel Prague"]
[Date "2012.08.21"]
[Round "5.15"]
[White "Roy, Ali"]
[Black "Skrabakova, Katarina"]
[Result "1/2-1/2"]
[WhiteElo "1836"]
[BlackElo "1989"]
[PlyCount "81"]
[EventDate "2012.08.17"]

1. Nf3 Nf6 2. c4 b6 3. e3 Bb7 4. Nc3 e6 5. Be2 Be7 6. O-O O-O 7. b3 Ne4 8. Nxe4
Bxe4 9. Bb2 f5 10. d4 d6 11. Rc1 Bb7 12. Qc2 Nd7 13. Rfd1 Qe8 14. b4 c5 15.
dxc5 dxc5 16. b5 Bf6 17. Rd6 Qe7 18. Rcd1 Rad8 19. a4 Bxb2 20. Qxb2 Nf6 21. Qe5
Rxd6 22. Rxd6 Bc8 23. Ng5 Rd8 24. Rc6 Qd7 25. Qxe6+ Qxe6 26. Nxe6 Bxe6 27. Rxe6
Rd2 28. Kf1 Ra2 29. Bd3 Rxa4 30. f3 Kf7 31. Rc6 g6 32. Rc7+ Ke8 33. Ke2 Ra2+
34. Kf1 Nd7 35. f4 Ke7 36. Be2 Ra1+ 37. Kf2 Ra2 38. Kf1 Ra1+ 39. Kf2 Ra2 40.
Kf1 Ra1+ 41. Kf2 1/2-1/2

[Event "European Youth Chess Championship G18"]
[Site "Prague, Top Hotel Prague"]
[Date "2012.08.21"]
[Round "5.16"]
[White "Dalemans, Diana"]
[Black "Haitovich, Avital"]
[Result "1-0"]
[WhiteElo "1958"]
[BlackElo "1874"]
[PlyCount "77"]
[EventDate "2012.08.17"]

1. e4 e5 2. Nf3 d6 3. d4 exd4 4. Nxd4 Nf6 5. Nc3 Be7 6. Be2 O-O 7. O-O a6 8. a4
c5 9. Nb3 Nc6 10. f4 Be6 11. Be3 Nb4 12. f5 Bxb3 13. cxb3 d5 14. exd5 Nfxd5 15.
Nxd5 Nxd5 16. Bf2 Qd7 17. Bc4 Rad8 18. Qf3 Qc6 19. Rfe1 Bf6 20. Rad1 Nb4 21.
Qxc6 Nxc6 22. Bxc5 Rxd1 23. Rxd1 Rd8 24. Rxd8+ Nxd8 25. Ba3 a5 26. Bd5 g6 27.
fxg6 hxg6 28. Kf1 Kg7 29. Ke2 Be5 30. h3 Ne6 31. Bxb7 Nd4+ 32. Kd3 Nxb3 33. Bd5
Nd4 34. b3 Ne6 35. Kc4 Kf6 36. Bc1 Bd6 37. Bd2 Nc7 38. Bxa5 Nxd5 39. Kxd5 1-0

[Event "European Youth Chess Championship G18"]
[Site "Prague, Top Hotel Prague"]
[Date "2012.08.21"]
[Round "5.17"]
[White "Ljikar, Tamara"]
[Black "Terzidaki, Alexandra"]
[Result "1-0"]
[WhiteElo "1821"]
[BlackElo "1958"]
[PlyCount "71"]
[EventDate "2012.08.17"]

1. e4 e6 2. d4 d5 3. Nc3 Bb4 4. e5 c5 5. a3 Bxc3+ 6. bxc3 Ne7 7. Qg4 cxd4 8.
Qxg7 Rg8 9. Qxh7 Qc7 10. Ne2 Nbc6 11. f4 dxc3 12. h4 d4 13. h5 Bd7 14. Rb1
O-O-O 15. Qd3 Nf5 16. Rg1 Rg4 17. g3 Nce7 18. Bh3 Rg7 19. g4 Nh4 20. Qg3 d3 21.
cxd3 Nef5 22. Qf2 Bc6 23. gxf5 Nf3+ 24. Kf1 Nxg1 25. Nxg1 Rxd3 26. fxe6 Rxh3
27. Nxh3 Bg2+ 28. Ke1 Bxh3 29. exf7 Rxf7 30. Qxa7 Bg2 31. e6 Qe7 32. Qa8+ Kc7
33. Qa5+ Kb8 34. Qe5+ Ka7 35. Be3+ Ka6 36. Qb5# 1-0

[Event "European Youth Chess Championship G18"]
[Site "Prague, Top Hotel Prague"]
[Date "2012.08.21"]
[Round "5.19"]
[White "Balzano, Filli"]
[Black "Drakaki, Anna-Maria"]
[Result "1-0"]
[WhiteElo "1916"]
[BlackElo "1827"]
[PlyCount "69"]
[EventDate "2012.08.17"]

1. e4 c5 2. c3 d5 3. exd5 Qxd5 4. d4 Nf6 5. Nf3 Bg4 6. Be2 e6 7. h3 Bh5 8. O-O
Bd6 9. Be3 cxd4 10. cxd4 O-O 11. Nc3 Qa5 12. Qb3 Qb4 13. Nb5 Nc6 14. Nxd6 Qxd6
15. Rfd1 h6 16. Rac1 Nb4 17. d5 Rac8 18. dxe6 Qe7 19. a3 Na6 20. g4 Rxc1 21.
Rxc1 Bg6 22. Ne5 Be4 23. Bxa6 bxa6 24. Bc5 Qc7 25. exf7+ Kh8 26. Qc3 Rxf7 27.
Nxf7+ Qxf7 28. Qe5 Qb7 29. Kh2 Bf3 30. Bf8 Qf7 31. Qe7 Nxg4+ 32. Kg3 Qg6 33.
Qxg7+ Qxg7 34. Bxg7+ Kxg7 35. hxg4 1-0

[Event "European Youth Chess Championship G18"]
[Site "Prague, Top Hotel Prague"]
[Date "2012.08.21"]
[Round "5.20"]
[White "Sabolova, Kristyna"]
[Black "Vatkali, Dimitra"]
[Result "0-1"]
[WhiteElo "1889"]
[BlackElo "1936"]
[PlyCount "102"]
[EventDate "2012.08.17"]

1. d4 Nf6 2. Nf3 e6 3. e3 b6 4. Bd3 Bb7 5. Nbd2 c5 6. O-O cxd4 7. exd4 Be7 8.
b3 O-O 9. Bb2 d6 10. c4 Nbd7 11. Rc1 Rc8 12. Qe2 Re8 13. Rfe1 Nf8 14. Ne4 Ng6
15. Qd2 Nxe4 16. Bxe4 Bxe4 17. Rxe4 d5 18. Ree1 Bf6 19. Red1 dxc4 20. bxc4 Re7
21. Rc2 Rd7 22. Qb4 Qc7 23. Rdc1 Qf4 24. c5 bxc5 25. Rxc5 Rcd8 26. Qa5 Qg4 27.
h3 Qe4 28. Rc8 Qb7 29. Qc3 Nf4 30. Rxd8+ Rxd8 31. Qd2 Nxh3+ 32. Kh2 Nf4 33. Bc3
Nd5 34. Ba5 Qb8+ 35. g3 Rc8 36. Rxc8+ Qxc8 37. Ne5 Bxe5 38. dxe5 h6 39. Bb4 Qc4
40. Bd6 a6 41. Qb2 Qd3 42. a4 Kh7 43. a5 Nc3 44. Qb7 Kg6 45. Qb6 Ne4 46. Kg2
Nd2 47. Qc6 Qf1+ 48. Kh2 Qxf2+ 49. Kh3 Qf1+ 50. Kh4 Nf3+ 51. Kg4 h5+ 0-1

[Event "European Youth Chess Championship G18"]
[Site "Prague, Top Hotel Prague"]
[Date "2012.08.21"]
[Round "5.21"]
[White "Mabille, Natacha"]
[Black "Zpevakova, Jana"]
[Result "0-1"]
[WhiteElo "1853"]
[BlackElo "1901"]
[PlyCount "118"]
[EventDate "2012.08.17"]

1. e4 e6 2. d4 d5 3. Nd2 c5 4. exd5 Qxd5 5. Ngf3 cxd4 6. Bc4 Qd6 7. O-O Nf6 8.
Nb3 Nc6 9. Nbxd4 Nxd4 10. Qxd4 a6 11. Bf4 Qxd4 12. Nxd4 Bd7 13. Rac1 Rc8 14.
Be2 Nd5 15. Bg3 Be7 16. c4 Nb4 17. a3 Nc6 18. Nxc6 Bxc6 19. b4 O-O 20. b5 axb5
21. cxb5 Bd5 22. a4 Bb4 23. Bc7 Ra8 24. Ra1 Ba5 25. Bxa5 Rxa5 26. Rfc1 Rfa8 27.
Bf3 Bxf3 28. gxf3 g6 29. Rc4 Rxb5 30. Rc8+ Rxc8 31. axb5 Rc5 32. Rb1 b6 33. Rb4
Kf8 34. Kf1 Ke7 35. Ke2 Rd5 36. Ke3 Kd6 37. Rh4 h5 38. Rf4 f5 39. Rb4 Kc5 40.
Rb1 e5 41. h3 Rd4 42. Rg1 f4+ 43. Ke2 Rd6 44. Rb1 Rd8 45. h4 Ra8 46. Rg1 Rg8
47. Rg5 Kd4 48. Kd2 e4 49. Ke2 e3 50. fxe3+ fxe3 51. f4 Ra8 52. Rxg6 Ra2+ 53.
Ke1 Ke4 54. Rxb6 Kf3 55. Ra6 Rb2 56. Kd1 e2+ 57. Kc1 e1=Q+ 58. Kxb2 Qb4+ 59.
Ka2 Qxb5 0-1

[Event "European Youth Chess Championship G18"]
[Site "Prague, Top Hotel Prague"]
[Date "2012.08.21"]
[Round "5.22"]
[White "Kane, Marta"]
[Black "Milicevic, Dajana"]
[Result "1-0"]
[WhiteElo "1787"]
[BlackElo "1684"]
[PlyCount "93"]
[EventDate "2012.08.17"]

1. d4 Nf6 2. Nf3 e6 3. Bf4 b6 4. e3 Bb7 5. Nbd2 d5 6. Ne5 a6 7. Bd3 Be7 8. O-O
Nbd7 9. c3 O-O 10. Ndf3 c5 11. Rc1 c4 12. Bc2 b5 13. h3 Nxe5 14. Nxe5 h6 15.
Bb1 Ne4 16. f3 Nd6 17. Qc2 f5 18. g4 Bg5 19. Kh2 Bxf4+ 20. exf4 Bc8 21. Rg1 Nf7
22. Ng6 Re8 23. Rg2 Nh8 24. gxf5 exf5 25. Ne5 Qh4 26. Qd2 Ra7 27. Rcg1 Rf8 28.
Qe3 Qf6 29. Qf2 Kh7 30. h4 Rg8 31. h5 Be6 32. Ng4 Qd8 33. Qg3 Qe8 34. Qh3 Qb8
35. Ne5 Qc8 36. Re1 Rf8 37. Ng6 Rf6 38. Nh4 Kg8 39. Ng6 Nxg6 40. Rxg6 Rxg6 41.
hxg6 Qc6 42. Bxf5 Bxf5 43. Qxf5 Ra8 44. Qf7+ Kh8 45. Re7 Rg8 46. Rc7 Qf6 47.
Qxf6 1-0

[Event "European Youth Chess Championship G18"]
[Site "Prague, Top Hotel Prague"]
[Date "2012.08.21"]
[Round "5.23"]
[White "Sanal, Suna"]
[Black "Corotcova, Anastasia"]
[Result "0-1"]
[WhiteElo "1744"]
[BlackElo "1655"]
[PlyCount "78"]
[EventDate "2012.08.17"]

1. e4 c6 2. d4 d5 3. e5 Bf5 4. Nd2 e6 5. Nb3 Nd7 6. Nf3 Nh6 7. Be2 Bg6 8. O-O
Be7 9. Bd2 a5 10. a4 Nf5 11. c4 dxc4 12. Bxc4 h5 13. Rc1 O-O 14. Bc3 h4 15. h3
Bh5 16. Be2 g5 17. Nfd2 Bxe2 18. Qxe2 Qb6 19. Qd1 Kg7 20. Nc4 Qa6 21. Bd2 b6
22. Ne3 c5 23. Nxf5+ exf5 24. dxc5 Nxc5 25. Nxc5 bxc5 26. Qf3 Qe6 27. Rfe1 Rh8
28. Be3 c4 29. Bd4 g4 30. Qe3 Rag8 31. Bc3 Bd8 32. Rcd1 Bc7 33. Rd6 Bxd6 34.
exd6+ Kg6 35. Qb6 Qd5 36. d7+ Kh5 37. Bxh8 gxh3 38. f3 Qxf3 39. Re2 Rxg2+ 0-1

[Event "European Youth Chess Championship G18"]
[Site "Prague, Top Hotel Prague"]
[Date "2012.08.21"]
[Round "5.24"]
[White "Meireles, Ana"]
[Black "Malikova, Ulviyya"]
[Result "0-1"]
[WhiteElo "1716"]
[BlackElo "1810"]
[PlyCount "78"]
[EventDate "2012.08.17"]

1. e4 c5 2. Nf3 d6 3. d4 cxd4 4. Nxd4 Nf6 5. Nc3 a6 6. Bc4 e6 7. Bb3 Nc6 8. Be3
Be7 9. Qe2 Qc7 10. O-O-O b5 11. Nxc6 Qxc6 12. f3 h5 13. Bg5 Bb7 14. e5 dxe5 15.
Qxe5 Qc5 16. Bxf6 gxf6 17. Qe2 Qe5 18. Qxe5 fxe5 19. Rhe1 Rg8 20. Re2 Rd8 21.
Rxd8+ Kxd8 22. Nd1 Bg5+ 23. Kb1 Bf4 24. h3 Ke7 25. c4 bxc4 26. Bxc4 Rc8 27. b3
f5 28. Nc3 Kf6 29. Kc2 Rc6 30. Na4 Kg5 31. Kd3 Kh4 32. Rc2 Rd6+ 33. Ke2 Kg3 34.
Nc5 Bc8 35. Kf1 Rd1+ 36. Ke2 Rg1 37. Nxe6 Rxg2+ 38. Kd1 Rxc2 39. Kxc2 Kxh3 0-1

[Event "European Youth Chess Championship G18"]
[Site "Prague, Top Hotel Prague"]
[Date "2012.08.21"]
[Round "5.25"]
[White "Bacic, Kristina"]
[Black "Bass, Leenoy"]
[Result "0-1"]
[WhiteElo "1801"]
[BlackElo "1614"]
[PlyCount "90"]
[EventDate "2012.08.17"]

1. d4 d5 2. Nf3 e6 3. Bf4 Bd6 4. Bxd6 Qxd6 5. c3 c5 6. e3 Nc6 7. Nbd2 Nf6 8.
Bd3 O-O 9. O-O e5 10. dxe5 Nxe5 11. Nxe5 Qxe5 12. Nf3 Qe7 13. h3 b6 14. Qa4 Ne4
15. Bxe4 dxe4 16. Nh2 Rd8 17. Rfd1 Bf5 18. Nf1 Rd3 19. Ng3 Bg6 20. Ne2 Bf5 21.
Nf4 Rdd8 22. c4 h6 23. Rd5 Bd7 24. Qc2 Bc6 25. Rxd8+ Rxd8 26. Rd1 Re8 27. Qd2
Qb7 28. Nd5 Re6 29. Qc2 Qb8 30. a3 Qe5 31. Qc3 Qxc3 32. Nxc3 Kf8 33. Kf1 Ke7
34. Ke2 h5 35. Nd5+ Bxd5 36. Rxd5 g6 37. b4 cxb4 38. axb4 f5 39. Kd2 Rd6 40.
Rd4 Rxd4+ 41. exd4 a5 42. c5 axb4 43. cxb6 Kd6 44. Kc2 f4 45. Kd2 b3 0-1

[Event "European Youth Chess Championship G18"]
[Site "Prague, Top Hotel Prague"]
[Date "2012.08.21"]
[Round "5.26"]
[White "Wladyka, Angelika"]
[Black "Steinhauserova, Anna"]
[Result "0-1"]
[WhiteElo "1658"]
[BlackElo "1788"]
[PlyCount "58"]
[EventDate "2012.08.17"]

1. e4 e5 2. d4 exd4 3. Qxd4 Nc6 4. Qe3 Be7 5. Nc3 Nf6 6. Bd2 O-O 7. O-O-O d5 8.
exd5 Nxd5 9. Qf3 Be6 10. Bf4 Nxc3 11. Rxd8 Nxa2+ 12. Kb1 Rfxd8 13. Bd3 Nab4 14.
Ne2 Nxd3 15. cxd3 Bf5 16. Rd1 Nb4 17. Nc1 c6 18. Be5 Bg6 19. Ka1 Rd5 20. Bc3
Rad8 21. Qe2 Bd6 22. g3 Bc5 23. f4 Nxd3 24. Nxd3 Bxd3 25. Qg4 Bf8 26. Re1 b5
27. Re5 b4 28. Rxd5 Rxd5 29. Bd2 Ra5# 0-1

[Event "European Youth Chess Championship G18"]
[Site "Prague, Top Hotel Prague"]
[Date "2012.08.21"]
[Round "5.27"]
[White "Urbonaviciute, Zivile"]
[Black "Yaka, Beyza"]
[Result "1-0"]
[WhiteElo "1763"]
[BlackElo "1584"]
[PlyCount "83"]
[EventDate "2012.08.17"]

1. e4 e5 2. Nf3 d6 3. d4 exd4 4. Qxd4 Nc6 5. Bb5 Bd7 6. Bxc6 Bxc6 7. Nc3 Nf6 8.
b3 Qd7 9. h3 b6 10. Bb2 Be7 11. O-O-O O-O-O 12. Rhe1 Rhe8 13. Qc4 Bf8 14. a4
Bb7 15. Nd5 Nxd5 16. exd5 Rxe1 17. Rxe1 Re8 18. Rd1 Qf5 19. a5 g6 20. Qb5 Qd7
21. Qb4 Re2 22. axb6 axb6 23. Qc3 Qe8 24. Nd4 Bh6+ 25. Kb1 Re5 26. Nf3 Rxd5 27.
Re1 Qd8 28. Qc4 Kb8 29. Nd4 Qd7 30. Nf3 Rc5 31. Qd3 Rd5 32. Qc3 f5 33. Qc4 Bg7
34. Bxg7 Qxg7 35. b4 Qd7 36. Qc3 Qa4 37. Kb2 Qd7 38. Qh8+ Bc8 39. Re8 Rd1 40.
Rd8 Qe6 41. Nd4 Qe4 42. Rxc8+ 1-0

[Event "European Youth Chess Championship G18"]
[Site "Prague, Top Hotel Prague"]
[Date "2012.08.21"]
[Round "5.28"]
[White "Kuk, Nika"]
[Black "Machlik, Edit"]
[Result "0-1"]
[WhiteElo "1557"]
[BlackElo "1740"]
[PlyCount "80"]
[EventDate "2012.08.17"]

1. e4 c5 2. Nc3 Nc6 3. f4 g6 4. Nf3 Bg7 5. Bb5 d6 6. O-O e6 7. Bxc6+ bxc6 8. e5
d5 9. Na4 Qa5 10. b3 Ba6 11. d3 Bf8 12. Bd2 Qd8 13. Be3 Qa5 14. Re1 Nh6 15. Qe2
Nf5 16. Bd2 Qb5 17. c4 Qb7 18. Qf2 Nd4 19. Nxd4 cxd4 20. Qxd4 Rd8 21. Qf2 d4
22. g4 Qd7 23. Re2 c5 24. Rae1 Bb7 25. f5 gxf5 26. gxf5 Rg8+ 27. Kf1 Bg2+ 28.
Kg1 Bh3+ 29. Kh1 Qc6+ 30. Re4 Bg2+ 31. Kg1 Bxe4+ 32. Kf1 Bg2+ 33. Ke2 Bh3 34.
Kd1 Bxf5 35. Kc2 Qg2 36. Qh4 Be7 37. Qh5 Bg5 38. Rd1 Bg6 39. Qxg5 Bxd3+ 40.
Kxd3 Rxg5 0-1

[Event "European Youth Chess Championship G18"]
[Site "Prague, Top Hotel Prague"]
[Date "2012.08.21"]
[Round "5.29"]
[White "Cormican, Ruth"]
[Black "Tarmastin, Laura"]
[Result "0-1"]
[WhiteElo "1654"]
[BlackElo "1747"]
[PlyCount "78"]
[EventDate "2012.08.17"]

1. e4 e5 2. Nf3 Nc6 3. Bb5 a6 4. Ba4 Nf6 5. O-O b5 6. Bb3 Bc5 7. Re1 O-O 8. c3
d6 9. d4 Bb6 10. Bg5 Bb7 11. Qd3 h6 12. Bh4 Re8 13. Nbd2 Na5 14. Bc2 c5 15. d5
c4 16. Qe2 Rc8 17. h3 Rc7 18. g4 Bc8 19. Qf1 Kh8 20. Qg2 Rg8 21. Nf1 g5 22. Bg3
h5 23. gxh5 Nxh5 24. Qh2 Qd7 25. Nxe5 dxe5 26. Bxe5+ f6 27. Bxc7 Bxc7 28. Qh1
g4 29. h4 g3 30. Qf3 gxf2+ 31. Kxf2 Qg4 32. Qxg4 Rxg4 33. Ke2 Nf4+ 34. Kd2 Rg2+
35. Kc1 Nd3+ 36. Bxd3 cxd3 37. Rd1 Bf4+ 38. Kb1 Nc4 39. Nd2 Nxd2+ 0-1